Estudio para una coordinación de aislamiento en la red aérea de distribución eléctrica de La Compañía Nacional de Fuerza y Luz S.A
Guardado en:
| Hovedforfatter: | |
|---|---|
| Andre forfattere: | , |
| Format: | Bog |
| Udgivet: |
[San José, Costa Rica]
2009
|
| Fag: | |
| Tags: |
Tilføj Tag
Ingen Tags, Vær først til at tagge denne postø!
|
MARC
| LEADER | 00000nam a2200000Ia 4500 | ||
|---|---|---|---|
| 003 | 001356 | ||
| 005 | 20221231144049.0 | ||
| 008 | 140114s2009 cr a 000 ||s d | ||
| 040 | |c cru CEDI | ||
| 090 | |a TFG 5879 | ||
| 100 | |a Valverde Bermúdez, Diana |9 3809 | ||
| 245 | |a Estudio para una coordinación de aislamiento en la red aérea de distribución eléctrica de La Compañía Nacional de Fuerza y Luz S.A | ||
| 260 | |c 2009 |b [San José, Costa Rica] | ||
| 300 | |a 97, [100] hojas; ilustraciones | ||
| 500 | |a Tesis (licenciatura en ingeniería eléctrica)--Universidad de Costa Rica. Facultad de Ingeniería. Escuela de Ingeniería Eléctrica | ||
| 650 | |x DISTRIBUCION DE ENERGIA ELECTRICA |x AISLADORES ELECTRICOS |x SISTEMAS DE ENERGIA ELECTRICA |x COMPAÑIA NACIONAL DE FUERZA Y LUZ (COSTA RICA) |9 3812 | ||
| 700 | |9 3810 |a Arce Murillo, Geovanny | ||
| 700 | |9 3811 |a Meza Díaz, José Pablo | ||
| 942 | |c TFG | ||
| 999 | |c 16356 |d 16356 | ||
